La historiografía de la arquitectura moderna: Pevsner, Zevi, Banham, Kaufmann, Benevolo, Collins, Giedion, Hitchcock, Tafuri

Gorde:
Xehetasun bibliografikoak
Egile nagusia: Tournikiotis, Panayotis (Egilea)
Formatua: Liburua
Hizkuntza:gaztelania
Argitaratua: Madrid Mairea 2001
Madrid Celeste 2001
Saila:Manuales Universitarios de Arquitectura, 5
Gaiak:
Etiketak: Etiketa erantsi
Etiketarik gabe, Izan zaitez lehena erregistro honi etiketa jartzen!

MARC

LEADER 00000nam a2200000 a 4500
001 UCH5092
003 CL-VaPUC
008 090924e20010000sp |||||||||||||||||spa|d
020 |a 8482113437 
082 0 4 |a 724.6  |b TOU  |2 21 
100 0 |a Tournikiotis, Panayotis  |e author  |9 541240 
245 1 3 |a La historiografía de la arquitectura moderna: Pevsner, Zevi, Banham, Kaufmann, Benevolo, Collins, Giedion, Hitchcock, Tafuri 
300 |a 285 p 
942 |c BK 
945 |d 20090924 00:00:00  |a rbrito 
260 |a Madrid  |b Mairea  |c 2001 
260 |a Madrid  |b Celeste  |c 2001 
650 0 |a Arquitectura moderna   |v Siglo 20   |9 265427 
650 0 |a Diseño arquitectónico   |9 265271 
650 0 |a Arte contemporáneo  |9 338008 
650 7 |a ROMANTICISMO EN LA ARQUITECTURA  |2 CL-VaPUC  |9 372593 
583 |a last modification  |c 20171122 12:57:43  |k Rodrigo Vera 
490 0 |a Manuales Universitarios de Arquitectura, 5 
999 |c 336295  |d 336293 
952 |0 0  |1 0  |4 0  |6 724_600000000000000_TOU_2001_2001  |7 0  |8 A  |9 427340  |a BIBARQ  |b BIBARQ  |d 2019-11-22  |i 4602390  |o 724.6 TOU 2001 2001  |p 4602390  |r 2025-01-20  |w 2019-11-22  |y BK  |k ARQ